Las familias : reflexiones y preocupaciones en la era de la globalización /
Salvato in:
| Autore principale: | |
|---|---|
| Natura: | Libro |
| Lingua: | spagnolo |
| Pubblicazione: |
México :
Sistema Nacional para el Desarrollo Integral de la Familia,
1998, c1998
|
| Soggetti: | |
| Tags: |
Nessun Tag, puoi essere il primo ad aggiungerne!!
|
MARC
| LEADER | 00000nam^a2200000^a^4500 | ||
|---|---|---|---|
| 001 | 000181282 | ||
| 005 | 20250521000000.0 | ||
| 009 | 20260310101926.066 | ||
| 037 | |a Acervo ITESO - Biblioteca | ||
| 041 | |a ESP | ||
| 082 | |a 306. 850972 |b FUE | ||
| 100 | |a Fuentes, Mario Luis |e (autor) | ||
| 245 | 1 | 4 | |a Las familias : |b reflexiones y preocupaciones en la era de la globalización / |c M.L. Fuentes. |
| 264 | 4 | |a México : |b Sistema Nacional para el Desarrollo Integral de la Familia, |c 1998, c1998 | |
| 300 | |a 54 p. | ||
| 336 | |a texto |b txt |2 rdacontenido | ||
| 337 | |a sin mediación |b n |2 rdamedio | ||
| 338 | |a volumen |b nc |2 rdasoporte | ||
| 649 | |a XX | ||
| 650 | |a Familia - |x Condiciones Sociales y Culturales | ||
| 650 | |a Familia - |x Condiciones Psicológicas | ||
| 650 | |a Relaciones Familiares - |x Aspectos Eticos | ||
| 650 | |a Relaciones Familiares - |x Aspectos Sociales y Culturales | ||
| 650 | |a Relaciones Familiares - |x Aspectos Psicológicos | ||
| 650 | |a Relaciones Padres-Hijos | ||
| 650 | |a Relaciones de Pareja | ||
| 650 | |a Elección de Pareja | ||
| 650 | |a Familia Nuclear | ||
| 650 | |a Familia Reconstituida | ||
| 650 | |a Familia Monoparental | ||
| 650 | |a Familia Extensa | ||
| 650 | |a Organización Social - |z México | ||
| 650 | |a Cambios Sociales y Culturales | ||
| 650 | |a Globalización | ||
| 650 | |a Cultura Urbana - |z México | ||
| 650 | |a Sociedad Postindustrial - |z México | ||
| 650 | |a Instituciones de Beneficencia - |z México | ||
| 650 | |a Psicología Social | ||
| 910 | |a Fondo General | ||
| 920 | |a Impresos - Libros | ||
| 930 | |a Colección General | ||
| 905 | |a 101 | ||
| 901 | |a 0500120951 |b IT1 |c ACC |u 20250521 | ||
| 902 | |a https://opac.biblio.iteso.mx/vufind/Record/000181282 | ||